| 000 | 01062cam a2200349 i 4500 | ||
|---|---|---|---|
| 001 | 1939 | ||
| 003 | FISKH | ||
| 005 | 20231019105252.0 | ||
| 008 | 811001s1981 nyua j 000 1 eng | ||
| 010 | _a 80028425 | ||
| 020 | _a9780380709564 | ||
| 020 | _a9780380709564 | ||
| 040 |
_aDLC _beng _cDLC _dDLC |
||
| 042 | _alcac | ||
| 050 | 0 | 0 |
_aPZ7.C5792 _bRais |
| 082 | 0 | 0 |
_a813.54 _219 |
| 100 | 1 | _aCleary, Beverly. | |
| 245 | 1 | 0 |
_aRamona Quimby, age 8 / _cBeverly Cleary ; illustrated by Jacqueline Rogers |
| 260 |
_aNew York : _bHarper, _c1981. |
||
| 300 |
_a178 , 17 pages : _billustrations ; _c20 cm. |
||
| 505 | _aW | ||
| 520 | _aThe further adventures of the Quimby family as Ramona enters the third grade. | ||
| 521 | 8 |
_a860
_bLexile |
|
| 521 | 8 |
_aW
_bRaz-Plus |
|
| 650 | 1 |
_aFamily life _vFiction. |
|
| 650 | 1 |
_aSchools _vFiction. |
|
| 700 | 1 |
_aRogers, Jacqueline _eillustrator |
|
| 906 |
_a7 _bcbc _corignew _d1 _eocip _f19 _gy-gencatlg |
||
| 942 |
_2ddc _cBK _n0 |
||
| 999 |
_c1939 _d1939 |
||